Ley de compañias (Record no. 165066)
[ view plain ]
| 000 -LEADER | |
|---|---|
| fixed length control field | 00537nam a22001577a 4500 |
| 005 - DATE AND TIME OF LATEST TRANSACTION | |
| control field | 20221027142703.0 |
| 008 - FIXED-LENGTH DATA ELEMENTS--GENERAL INFORMATION | |
| fixed length control field | 221027b mx ||||| |||| 00| 0 spa d |
| 050 04 - LIBRARY OF CONGRESS CALL NUMBER | |
| Classification number | KHK1295 |
| Item number | E28 1976 |
| 110 1# - MAIN ENTRY--CORPORATE NAME | |
| Corporate name or jurisdiction name as entry element | Ecuador |
| 245 10 - TITLE STATEMENT | |
| Title | Ley de compañias |
| 260 ## - PUBLICATION, DISTRIBUTION, ETC. (IMPRINT) | |
| Place of publication, distribution, etc | Quito, Ecuador : |
| Name of publisher, distributor, etc | CIRJUE ; |
| -- | Circulo de Juristas del Ecuador, |
| Date of publication, distribution, etc | 1976 |
| 300 ## - PHYSICAL DESCRIPTION | |
| Extent | 148 paginas ; |
| Dimensions | 21 cm. |
| 650 #7 - SUBJECT ADDED ENTRY--TOPICAL TERM | |
| Source of heading or term | lemb |
| Topical term or geographic name as entry element | Empresas comerciales |
| General subdivision | Derecho y legislación |
| Geographic subdivision | Ecuador |
| 650 #7 - SUBJECT ADDED ENTRY--TOPICAL TERM | |
| Source of heading or term | lemb |
| Topical term or geographic name as entry element | Derecho de Sociedades |
| Form subdivision | Leyes y legislación |
| Geographic subdivision | Ecuador |
| 942 ## - ADDED ENTRY ELEMENTS (KOHA) | |
| Source of classification or shelving scheme | Biblioteca del Cogreso de los Estados Unidos |
| Koha item type | Libro |
| Estado de pérdida | Fuente de clasificación | Estado del daño | No para préstamo | Ubicación permanente | Ubicación actual | Apartado o colección | Fecha de adquisición | Edición | Dependencia de educación superior (DES) | Área del conocimiento | Total Checkouts | Clasificación | Código de Barras | Date last seen | Número de copia | Costo por reposición | Tipo de recurso |
|---|---|---|---|---|---|---|---|---|---|---|---|---|---|---|---|---|---|
| Biblioteca del Cogreso de los Estados Unidos | Biblioteca del Instituto de Investigaciones Históricas | Biblioteca del Instituto de Investigaciones Históricas | General | 27/10/2022 | 1a ed. | Humanidades | Ciencias Sociales y Administrativas | KHK1295 E28 1976 | IIH000033751 | 27/10/2022 | C:1 | 1.00 | Libro |